000 00307nam a22001457a 4500
008 230522b ||||| |||| 00| 0 eng d
020 _a9782070456604
041 _aFRA
080 _a82
082 _a82PEN
100 _a38
101 _aGJL
245 _aJOURNAL D'UN CORPS
_cPENNAC.D
942 _2udc
_cBK
999 _c59792
_d59792